La segunda venida

Salvato in:
Dettagli Bibliografici
Autore principale: MacArthur, John F.
Natura: Libro
Lingua:spagnolo
Pubblicazione: Grand Rapids, MI. Portavoz 1999
Soggetti:
Tags: Aggiungi Tag
Nessun Tag, puoi essere il primo ad aggiungerne!!

MARC

LEADER 00000nam a22000005a 4500
003 CL-ChBUA
005 20140526100215.0
008 140526s1999 xxu||||| |||| 000 ||spa
020 |a 9780825414671 
040 |a CL-ChBUA  |c CL-ChBUA 
082 0 0 |a 236 
100 1 |a MacArthur, John F. 
245 1 0 |a La segunda venida  
260 |a Grand Rapids, MI.  |b Portavoz  |c 1999 
300 |a 219 p.  |c 22 cm. 
504 |a índice, apéndice, glosario 
650 4 |a SEGUNDA VENIDA DE CRISTO 
650 4 |a ESCATOLOGIA 
942 |2 ddc  |c LIB 
952 |0 0  |1 0  |2 ddc  |4 0  |6 236_M_115000000000000  |7 0  |9 1140556  |a UNACH  |b UNACH  |c 200  |d 2014-05-26  |i 53.186  |l 4  |m 7  |o 236 / M 115  |p 78468  |r 2026-04-08 18:43:28  |s 2024-11-05  |t 1  |w 2014-05-26  |y LIB 
999 |c 2061090  |d 2061090